000 00356nam a22001337a 4500
020 _a0-02-370952-9
082 _a519.82 LIP'Q
100 _aLIPSKY, LESTER R
_967386
245 _aQUEUEING THEORY , A LINEAR ALGEBRIC APPROACH
260 _aNEWYORK
_bMACMILLAN
_c1992
300 _aXIV,384P
650 _aQUEUEING THEORY ALGEBRA LINEAR
_967387
942 _cBK
999 _c575182
_d575182